• 首页
  • 本馆介绍
  • 公告通知
  • 最新文献
  • 馆藏检索
  • 电子资源
  • 读者导购
  • 参考咨询
  • 我的图书馆
  • 登录
  • 详细信息显示
  • 放入我的书架
  • 预约/预借图书
  • 作者相关作品
  • 分类相关作品
  • 丛书相关作品
  • 出版社相关作品

书目信息

  • 表格格式
  • 工作单格式
  • 卡片格式
题名:
丈夫这东西
    
 
作者: 渡边淳一 著 ;李迎跃 译
分册:  
出版信息: 上海   上海人民出版社  2004
页数: 226页
开本: 21cm
丛书名:
单 册:
中图分类: I313.6
科图分类:
主题词: 男性--心理学--通俗读物 , 男性 , 心理学 , 文学
电子资源:
ISBN: 7-208-05115-1
000 00829nam0 2200265 450
001 1251749049
005 20121013142323.61
010    @a7-208-05115-1@dCNY18.00
100    @a20040802d2004 em y0chiy50 ea
101 1  @achi@cjpn
102    @aCN@b310000
105    @aa z 000cy
200 1  @a丈夫这东西@Azhang fu zhe dong xi@f(日)渡边淳一著@g李迎跃译
210    @a上海@c上海人民出版社@d2004
215    @a226页@c照片@d21cm
330    @a本书为作者的随笔作品集,探讨了男人从结婚直至老年,所面临的情爱、性、家庭关系、婚外恋等种种问题与困惑。
606 0  @a男性@x心理学@j通俗读物
606 0  @a男性
606 0  @a心理学
606 0  @a文学
690    @aI313.6@v4
701  0 @c(日)@a渡边淳一@Adu bian chun yi@f(1933.10~)@4著
702  0 @a李迎跃@Ali ying yue@4译
801  0 @aCN@bNLC@c20101222
905    @a10447@dI313.6@eJY13
    
    丈夫这东西/(日)渡边淳一著/李迎跃译.-上海:上海人民出版社,2004
    226页:照片;21cm
    
    
    ISBN 7-208-05115-1:CNY18.00
    本书为作者的随笔作品集,探讨了男人从结婚直至老年,所面临的情爱、性、家庭关系、婚外恋等种种问题与困惑。
●
相关链接 在E读中查询图书 在五车中查询图书 在当当中查询图书 在豆瓣中查询图书


正题名:丈夫这东西     索取号:I313.6/JY13         预约/预借

序号 登录号 条形码 馆藏地/架位号 状态 备注
1 7816263   278162630   学院路分馆/ [索取号:I313.6/JY13] 在馆    
2 7816264   278162649   学院路分馆/ [索取号:I313.6/JY13] 在馆    
3 7816265   278162658   学院路分馆/ [索取号:I313.6/JY13] 在馆    
4 7816266   278162667   学院路分馆/ [索取号:I313.6/JY13] 已借出,限还日期为2025.12.10
借出人:孙海峰  
 
唐山师范学院图书馆 欢迎您!
大连网信软件有限公司© 版权所有